[Event "Belgrade Trophy 36th"]
[Site "Belgrade"]
[Date "2023.11.25"]
[Round "1"]
[White "Savic, Mihailo S"]
[Black "Nedeljkovic, Slobodan"]
[Result "1-0"]
[WhiteElo "2157"]
[BlackElo "1659"]
[PlyCount "47"]
[EventDate "2023.11.25"]
[EventType "swiss"]
[EventRounds "9"]
[EventCountry "SRB"]
[SourceTitle "CB49_2023"]
[SourceDate "2023.12.06"]
[SourceVersion "1"]
[SourceVersionDate "2023.12.06"]
[SourceQuality "1"]

1. e4 e5 2. Nf3 d6 3. d4 Nc6 4. Bb5 a6 5. Bxc6+ bxc6 6. dxe5 d5 7. 0-0 h6 8. Nc3 Ne7 9. Qe2 Bg4 10. h3 Bh5 11. Rd1 g5 12. exd5 cxd5 13. Ne4 dxe4 14. Rxd8+ Rxd8 15. Qxe4 Bg6 16. Qa4+ c6 17. Be3 Bg7 18. Bc5 f5 19. exf6 Bxf6 20. Re1 Kf7 21. Bxe7 Bxe7 22. Ne5+ Kf6 23. Nxg6 Kxg6 24. Qe4+ 1-0

[Event "Belgrade-chT Quality"]
[Site "Belgrade"]
[Date "2022.10.04"]
[Round "4.3"]
[White "Savic, Mihailo S"]
[Black "Svicevic, Rastko"]
[Result "1/2-1/2"]
[WhiteElo "2146"]
[BlackElo "2175"]
[PlyCount "57"]
[EventDate "2022.10.01"]
[EventType "team-tourn"]
[EventRounds "11"]
[EventCountry "SRB"]
[SourceTitle "CBM 210 Extra"]
[Source "ChessBase"]
[SourceDate "2022.11.30"]
[SourceVersion "1"]
[SourceVersionDate "2022.11.30"]
[SourceQuality "1"]
[WhiteTeam "Belgrade Belgrade"]
[BlackTeam "Belgrade Radnicki"]
[WhiteTeamCountry "SRB"]
[BlackTeamCountry "SRB"]

1. e4 c6 2. d4 d5 3. exd5 cxd5 4. Bd3 Nc6 5. Ne2 g6 6. 0-0 Bg7 7. Bf4 Nb4 8. Bb5+ Bd7 9. c4 Rc8 10. a3 Bxb5 11. cxb5 Nc2 12. Ra2 Qb6 13. Be5 f6 14. Bg3 f5 15. Be5 Bxe5 16. dxe5 Ne3 17. fxe3 Qxe3+ 18. Kh1 Qxe5 19. Nd4 Nf6 20. Nf3 Qf4 21. Nc3 Rd8 22. b3 0-0 23. Rd2 e6 24. Qe1 Ne4 25. Rd4 Qc7 26. Nxe4 fxe4 27. Ng1 Rf7 28. Rf2 Rxf2 29. Qf1 1/2-1/2

[Event "Belgrade Premier League"]
[Site "Belgrade"]
[Date "2021.10.10"]
[Round "9.3"]
[White "Savic, Mihailo S"]
[Black "Petrovic, Aleksa"]
[Result "0-1"]
[WhiteElo "2152"]
[BlackElo "2084"]
[PlyCount "62"]
[EventDate "2021.10.01"]
[EventType "team-tourn"]
[EventRounds "11"]
[EventCountry "SRB"]
[SourceTitle "CBM 204 Extra"]
[Source "ChessBase"]
[SourceDate "2021.11.30"]
[SourceVersion "1"]
[SourceVersionDate "2021.11.30"]
[SourceQuality "1"]
[WhiteTeam "Belgrade"]
[BlackTeam "Belgrade Radnicki"]
[WhiteTeamCountry "SRB"]
[BlackTeamCountry "SRB"]

1. e4 d6 2. d4 Nf6 3. Nc3 c6 4. Nf3 Bg4 5. h3 Bh5 6. Bd3 e6 7. g4 Bg6 8. g5 Nfd7 9. Ne2 d5 10. e5 c5 11. c3 Bh5 12. Nf4 Bxf3 13. Qxf3 cxd4 14. cxd4 Nc6 15. Ne2 Qb6 16. Qf4 Rc8 17. a3 Qa5+ 18. Kf1 Nb4 19. Bb1 Nc2 20. Bd2 Qb5 21. Ra2 Nxa3 22. g6 hxg6 23. Bxg6 fxg6 24. Qg4 Be7 25. Qxg6+ Kd8 26. bxa3 Nf8 27. Qxg7 Rh7 28. Qg8 Qb1+ 29. Nc1 Rxc1+ 30. Bxc1 Qxc1+ 31. Kg2 Qh6 0-1

[Event "Belgrade Premier League"]
[Site "Belgrade"]
[Date "2021.10.01"]
[Round "1.6"]
[White "Savic, Mihailo S"]
[Black "Vukovic, Dusan M"]
[Result "0-1"]
[WhiteElo "2152"]
[BlackElo "2096"]
[PlyCount "125"]
[EventDate "2021.10.01"]
[EventType "team-tourn"]
[EventRounds "11"]
[EventCountry "SRB"]
[SourceTitle "CBM 204 Extra"]
[Source "ChessBase"]
[SourceDate "2021.11.30"]
[SourceVersion "1"]
[SourceVersionDate "2021.11.30"]
[SourceQuality "1"]
[WhiteTeam "Belgrade"]
[BlackTeam "Belgrade Tehnicka Skola"]
[WhiteTeamCountry "SRB"]
[BlackTeamCountry "SRB"]

1. e4 e6 2. d4 d5 3. Nc3 Nf6 4. e5 Nfd7 5. f4 c5 6. Nf3 Nc6 7. Be3 a6 8. Qd2 b5 9. a3 g5 10. Nxg5 cxd4 11. Bxd4 Nxd4 12. Qxd4 Bc5 13. Qd2 Qb6 14. Nd1 Bb7 15. Bd3 h6 16. Nf3 a5 17. Qe2 b4 18. a4 0-0-0 19. Nf2 f6 20. Ng4 f5 21. Nf2 Kb8 22. Bb5 Be7 23. c3 Nc5 24. cxb4 Nb3 25. Rd1 Bxb4+ 26. Kf1 Rc8 27. Nd3 Be7 28. g3 Rc7 29. h4 Rhc8 30. Rh2 d4 31. Nfe1 Be4 32. Qh5 Bf8 33. Re2 Qb7 34. Kf2 Qb6 35. g4 Nc5 36. g5 hxg5 37. hxg5 Bd5 38. Nxc5 Rxc5 39. Nd3 Rc2 40. Rdd2 R2c7 41. Kg3 Ba8 42. Rh2 Qb7 43. Qe2 Qd5 44. Rh8 Be7 45. Rh6 Bf8 46. Rh8 Bb7 47. Rh2 Ka7 48. Rh8 Be7 49. Rh7 Qb3 50. Qd1 Qd5 51. Qe2 Kb8 52. Rh6 Rg8 53. Rh5 Rcc8 54. Ne1 Bb4 55. Bd3 Bxd2 56. Qxd2 Rh8 57. Qh2 Rxh5 58. Qxh5 Qb3 59. g6 Qxb2 60. Qe2 Qc1 61. Ba6 Qc3+ 62. Bd3 Rg8 63. Nf3 0-1

[Event "Belgrade-chT"]
[Site "Belgrade"]
[Date "2020.10.07"]
[Round "4.5"]
[White "Savic, Mihailo S"]
[Black "Vrcan, Srdjan"]
[Result "1-0"]
[WhiteElo "2160"]
[BlackElo "1868"]
[PlyCount "71"]
[EventDate "2020.10.04"]
[EventType "team-tourn"]
[EventRounds "9"]
[EventCountry "SRB"]
[SourceTitle "EXT 2022"]
[Source "ChessBase"]
[SourceDate "2021.10.06"]
[SourceVersion "1"]
[SourceVersionDate "2021.10.06"]
[SourceQuality "1"]
[WhiteTeam "Belgrade"]
[BlackTeam "MZ Cirilo i Metodije"]
[WhiteTeamCountry "SRB"]
[BlackTeamCountry "SRB"]

1. e4 e5 2. Nf3 Nc6 3. Bb5 Bc5 4. 0-0 Nge7 5. c3 a6 6. Bxc6 Nxc6 7. d4 exd4 8. cxd4 Be7 9. d5 Nb8 10. Bf4 d6 11. Nbd2 Nd7 12. Rc1 a5 13. Nd4 Nc5 14. Qc2 Bd7 15. b3 0-0 16. a3 Rc8 17. b4 axb4 18. axb4 Na6 19. b5 Nc5 20. N2b3 Nxb3 21. Qxb3 Bf6 22. Ne2 Qe8 23. Ng3 Bxb5 24. Bxd6 Bxf1 25. Bxf8 Ba6 26. Ba3 g6 27. Bb2 Be5 28. f4 Bxb2 29. Qxb2 Qe7 30. Qd4 Rd8 31. Rc3 c6 32. Nf5 Qf8 33. Qf6 Rd7 34. d6 h6 35. Rg3 Kh7 36. Rxg6 1-0

[Event "Belgrade-chTB Quality"]
[Site "Belgrade"]
[Date "2018.10.21"]
[Round "8.5"]
[White "Ristic, Luka"]
[Black "Savic, Mihailo S"]
[Result "1-0"]
[WhiteElo "1913"]
[BlackElo "2082"]
[PlyCount "45"]
[EventDate "2018.09.29"]
[EventType "team-tourn"]
[EventRounds "11"]
[EventCountry "SRB"]
[SourceTitle "CBM 187 Extra"]
[Source "ChessBase"]
[SourceDate "2018.11.04"]
[SourceVersion "1"]
[SourceVersionDate "2018.11.04"]
[SourceQuality "1"]
[WhiteTeam "Belgrade Polet"]
[BlackTeam "Belgrade Lasta"]
[WhiteTeamCountry "SRB"]
[BlackTeamCountry "SRB"]

1. e4 e6 2. Nf3 c5 3. d4 cxd4 4. Nxd4 Nf6 5. Bd3 Nc6 6. Nb3 Be7 7. 0-0 a6 8. c4 Nb4 9. e5 Ng8 10. Nc3 d6 11. exd6 Qxd6 12. Be2 Qxd1 13. Rxd1 Nf6 14. Bf4 0-0 15. Bf3 Nc6 16. Rd2 Nd7 17. Bxc6 bxc6 18. Bd6 Re8 19. Ne4 Bxd6 20. Nxd6 Rd8 21. Nxc8 Raxc8 22. Rad1 Rc7 23. Nc5 1-0

[Event "SRB-ch U18"]
[Site "Novi Sad"]
[Date "2018.04.05"]
[Round "4"]
[White "Krstic, Milos M"]
[Black "Savic, Mihailo S"]
[Result "1/2-1/2"]
[WhiteElo "2132"]
[BlackElo "2094"]
[PlyCount "82"]
[EventDate "2018.04.02"]
[EventType "tourn"]
[EventRounds "7"]
[EventCountry "SRB"]
[SourceTitle "EXT 2019"]
[Source "ChessBase"]
[SourceDate "2018.10.10"]
[SourceVersion "1"]
[SourceVersionDate "2018.10.10"]
[SourceQuality "1"]

1. e4 c5 2. Nf3 d6 3. d4 cxd4 4. Nxd4 Nf6 5. Nc3 e6 6. g4 e5 7. Bb5+ Bd7 8. Bxd7+ Qxd7 9. Nf5 h5 10. gxh5 Nxh5 11. Nd5 Nc6 12. Be3 g6 13. Ng3 Ne7 14. Qxh5 gxh5 15. Nf6+ Kd8 16. Nxd7 Kxd7 17. 0-0-0 Ke6 18. f4 h4 19. f5+ Kd7 20. Ne2 Bh6 21. Bxh6 Rxh6 22. Rhg1 Rg8 23. Kd2 Rh5 24. Ke3 a6 25. Kf3 b5 26. Rd3 Kc6 27. Rc3+ Kb7 28. Rd3 Kc6 29. Rdd1 Kd7 30. Rg4 Rhh8 31. Rdg1 Rc8 32. c3 Ng8 33. Rd1 Nf6 34. Rg7 Ke7 35. b3 a5 36. Rgg1 Rc6 37. Rd2 Rb8 38. Rb1 Rg8 39. h3 Kd7 40. Rc2 Kc7 41. Rg1 Rf8 1/2-1/2

[Event "Wch U18"]
[Site "Montevideo"]
[Date "2017.09.24"]
[Round "9"]
[White "Savic, Mihailo S"]
[Black "Piazza, Cristian"]
[Result "1-0"]
[WhiteElo "2168"]
[BlackElo "1830"]
[PlyCount "66"]
[EventDate "2017.09.17"]
[EventType "swiss"]
[EventRounds "11"]
[EventCountry "URU"]
[SourceTitle "CBM 180 Extra"]
[Source "ChessBase"]
[SourceDate "2017.10.06"]
[SourceVersion "1"]
[SourceVersionDate "2017.10.06"]
[SourceQuality "1"]

1. e4 c5 2. Nf3 d6 3. Bb5+ Bd7 4. c4 Nc6 5. d4 cxd4 6. Nxd4 Nf6 7. Nc3 a6 8. Bxc6 Bxc6 9. Qd3 g6 10. 0-0 Bg7 11. Rd1 Nd7 12. Be3 0-0 13. Rac1 Rc8 14. f3 Ne5 15. Qe2 Bd7 16. b3 f5 17. exf5 gxf5 18. Nd5 Qe8 19. Nb6 f4 20. Nxc8 Bxc8 21. Bf2 Qh5 22. c5 d5 23. c6 b5 24. c7 Qg6 25. Kf1 Qh5 26. Bg1 Qg6 27. Rd2 h5 28. Bf2 h4 29. h3 Kh8 30. Bxh4 Qh5 31. Be1 Rf6 32. Qf2 Ng6 33. Nc6 Nh4 1-0

[Event "Belgrade Jezero op"]
[Site "Belgrade"]
[Date "2017.08.12"]
[Round "8"]
[White "Jovanovic, Dejan R"]
[Black "Savic, Mihailo S"]
[Result "1/2-1/2"]
[WhiteElo "2088"]
[BlackElo "2232"]
[PlyCount "78"]
[EventDate "2017.08.05"]
[EventType "swiss"]
[EventRounds "9"]
[EventCountry "SRB"]
[SourceTitle "CBM 180 Extra"]
[Source "ChessBase"]
[SourceDate "2017.10.06"]
[SourceVersion "1"]
[SourceVersionDate "2017.10.06"]
[SourceQuality "1"]

1. d4 Nf6 2. Nf3 e6 3. Bf4 b6 4. e3 Bb7 5. Be2 d6 6. 0-0 Nbd7 7. c4 Qe7 8. Nc3 a6 9. b4 e5 10. Bg5 h6 11. Bxf6 Nxf6 12. a4 a5 13. Qb3 g6 14. c5 e4 15. Nd2 axb4 16. cxd6 Qxd6 17. Bb5+ Kd8 18. Na2 Bd5 19. Bc4 Be7 20. Rfb1 Ra5 21. Qc2 Qc6 22. Nxb4 Bxb4 23. Rxb4 Re8 24. Qb2 Qd6 25. Rb5 Rxb5 26. Bxb5 Rf8 27. a5 bxa5 28. Rxa5 Nd7 29. Bc4 Bxc4 30. Nxc4 Qc6 31. Qb4 Kc8 32. h3 Re8 33. d5 Qb7 34. Rb5 Qa6 35. d6 c6 36. Nb6+ Nxb6 37. Rxb6 Qa1+ 38. Kh2 Qe5+ 39. g3 Kd7 1/2-1/2

[Event "Belgrade Jezero op"]
[Site "Belgrade"]
[Date "2017.08.09"]
[Round "5"]
[White "Savic, Mihailo S"]
[Black "Djokic, Mihailo"]
[Result "1/2-1/2"]
[WhiteElo "2232"]
[BlackElo "1923"]
[PlyCount "110"]
[EventDate "2017.08.05"]
[EventType "swiss"]
[EventRounds "9"]
[EventCountry "SRB"]
[SourceTitle "CBM 180 Extra"]
[Source "ChessBase"]
[SourceDate "2017.10.06"]
[SourceVersion "1"]
[SourceVersionDate "2017.10.06"]
[SourceQuality "1"]

1. e4 c5 2. Nf3 d6 3. Bb5+ Nc6 4. 0-0 e5 5. c3 Nf6 6. Re1 Be7 7. d4 cxd4 8. cxd4 exd4 9. Nxd4 Bd7 10. Nc3 0-0 11. Nc2 a6 12. Bf1 b5 13. a3 Be6 14. Ne3 Na5 15. b4 Nb3 16. Rb1 Nxc1 17. Rxc1 Rc8 18. a4 Rxc3 19. Rxc3 Nxe4 20. Rc6 d5 21. Nc2 Qa8 22. axb5 axb5 23. Bxb5 Qb7 24. Qd3 Bf6 25. Ra6 Rc8 26. Ra3 Qb6 27. Ne3 g6 28. Ba6 Rc3 29. Rxc3 Bxc3 30. Rb1 Bxb4 31. Qb3 Qxa6 32. Qxb4 Qa2 33. Qb2 Qxb2 34. Rxb2 d4 35. Nf1 Nd6 36. Rd2 Nb5 37. Ng3 Bc4 38. f3 f5 39. Ne2 d3 40. Nc1 Nc3 41. Kf2 Nb1 42. Rxd3 Bxd3 43. Nxd3 Nc3 44. Ke3 Nb5 45. Kf4 Kf7 46. Ke5 Ke7 47. Nf4 Nc7 48. h4 Kf7 49. Nh3 Ne6 50. Ng5+ Nxg5 51. hxg5 Kg7 52. Ke6 Kf8 53. Kf6 Kg8 54. f4 Kf8 55. Ke6 Ke8 1/2-1/2